Vplyv transakčných nákladov vo vzťahu k outsourcingu a offshoringu na zisk vybraných akciových spoločnosti

Analýza výšky transakčných nákladov prostredníctvom výkazníctva slovenských spoločností.

Gespeichert in:
Bibliographische Detailangaben
1. Verfasser: Steinhauser, Dušan, 1988-
Weitere Verfasser: Čukanová, Miroslava, 1984-
Format: Buchkapitel
Sprache:Slowakisch
Schlagworte:
Tags: Tag hinzufügen
Keine Tags, Fügen Sie das erste Tag hinzu!

MARC

LEADER 00000naa a2200000 4500
001 0228762
005 20240531124038.8
041 0 |a slo 
044 |a SK 
245 1 0 |a Vplyv transakčných nákladov vo vzťahu k outsourcingu a offshoringu na zisk vybraných akciových spoločnosti  |c Dušan Steinhauser, Miroslava Čukanová 
520 |a Analýza výšky transakčných nákladov prostredníctvom výkazníctva slovenských spoločností. 
610 2 0 |a náklady transakčné 
610 2 0 |a výkazy účtovné 
610 2 0 |a zisk 
610 2 0 |a spoločnosti akciové 
610 2 0 |a outsourcing 
610 2 0 |a offshoring 
100 1 |a Steinhauser, Dušan, 1988- 
700 1 |a Čukanová, Miroslava, 1984-